International Property Measurement Standards (Record no. 116127)
[ view plain ]
| 000 -LEADER | |
|---|---|
| fixed length control field | 01365cad a22002895a 4500 |
| 001 - CONTROL NUMBER | |
| control field | 116127 |
| 008 - FIXED-LENGTH DATA ELEMENTS--GENERAL INFORMATION | |
| fixed length control field | 140115s2018 xxk f 000 0 eng d |
| 020 ## - INTERNATIONAL STANDARD BOOK NUMBER | |
| International Standard Book Number | 9781783212156 |
| 041 0# - LANGUAGE CODE | |
| Language code of text/sound track or separate title | eng |
| 050 04 - LIBRARY OF CONGRESS CALL NUMBER | |
| Classification number | 692.3 |
| 110 2# - MAIN ENTRY--CORPORATE NAME | |
| Corporate name or jurisdiction name as entry element | International Property Measurement Standards Coaliton |
| 9 (RLIN) | 6145 |
| 240 ## - UNIFORM TITLE | |
| Uniform title | IPMS |
| 245 00 - TITLE STATEMENT | |
| Title | International Property Measurement Standards |
| Remainder of title | Industrial Buildings |
| Medium | [electronic resource] |
| 260 ## - PUBLICATION, DISTRIBUTION, ETC. | |
| Place of publication, distribution, etc. | London |
| Name of publisher, distributor, etc. | International Property Measurement Standards Coalition |
| Date of publication, distribution, etc. | 2018 |
| 490 ## - SERIES STATEMENT | |
| Series statement | International Property Measurement Standards |
| 520 ## - SUMMARY, ETC. | |
| Summary, etc. | IPMS: Industrial Buildings is of particular interest to organisations and businesses with building structures not covered by office or residential measurements. The new, high-level standard will not only provide clarity for those purchasing or leasing industrial property, but will also enable comparisons of differing measurement standards by interfacing with IPMS. |
| 590 ## - LOCAL NOTE (RLIN) | |
| Local note | KA |
| 650 24 - SUBJECT ADDED ENTRY--TOPICAL TERM | |
| Topical term or geographic name entry element | International Property Measurement Standards |
| 650 24 - SUBJECT ADDED ENTRY--TOPICAL TERM | |
| Topical term or geographic name entry element | INDUSTRIAL |
| 651 #4 - SUBJECT ADDED ENTRY--GEOGRAPHIC NAME | |
| Geographic name | International |
| 690 ## - LOCAL SUBJECT ADDED ENTRY--TOPICAL TERM (OCLC, RLIN) | |
| Topical term or geographic name as entry element | Measurement |
| 9 (RLIN) | 6256 |
| 700 1# - ADDED ENTRY--PERSONAL NAME | |
| Personal name | Creighton, Kenneth |
| 700 1# - ADDED ENTRY--PERSONAL NAME | |
| Personal name | Pirlot, Jean-Yves |
| 700 1# - ADDED ENTRY--PERSONAL NAME | |
| Personal name | Prats, Lisa |
| 856 40 - ELECTRONIC LOCATION AND ACCESS | |
| Uniform Resource Identifier | <a href="https://fastedit.files.wordpress.com/2018/01/ipms-industrial-buildings-2018.pdf">https://fastedit.files.wordpress.com/2018/01/ipms-industrial-buildings-2018.pdf</a> |
| Public note | View the item free of charge at ipmsc.org |
| 942 ## - ADDED ENTRY ELEMENTS (KOHA) | |
| Suppress in OPAC | 0 |
| Source of classification or shelving scheme | Dewey Decimal Classification |
| Withdrawn status | Lost status | Source of classification or shelving scheme | Damaged status | Not for loan | Home library | Current library | Shelving location | Date acquired | Total Checkouts | Full call number | Barcode | Date last seen | Copy number | Price effective from | Koha item type |
|---|---|---|---|---|---|---|---|---|---|---|---|---|---|---|---|
| Dewey Decimal Classification | Virtual | Virtual | Online | 02/03/2018 | ONLINE PUBLICATION | 159823-2001 | 06/08/2019 | 1 | 06/08/2019 | Book |